000 00329nam a2200133Ia 4500
008 240624s9999 xx 000 0 und d
041 _aeng
082 _a823 MAT
100 _aMATHUR ANURAG
245 _aMAKING THE MINISTER SMILE
260 _c2002
_aNew Delhi
_bPenguin Book India
300 _a219 : p. : cm. ; 20
365 _cRS
999 _c3827
_d3827